dinosaure liste - Statistiques

Statistiques générales
  • Ce quiz a été pris 22 fois
  • Le résultat moyen est 4 sur 347
Statistiques - réponses
Hint Réponse % Correct
" diplodocus
55%
" ankylosaurus
45%
" allosaurus
36%
" brachiosaurus
27%
" carnotaurus
18%
dinosaur name aardonyx
9%
" abdarainurus
9%
" abditosaurus
9%
" abelisaurus
9%
" abrictosaurus
9%
" acanthopholis
9%
" achelousaurus
9%
" achillobator
9%
" acristavus
9%
" acrocanthosaurus
9%
"" adamantisaurus
9%
" afrovenator
9%
" agathaumas
9%
" agilisaurus
9%
" ahshislepelta
9%
" ajancingenia
9%
" ajkaceratops
9%
" amargasaurus
9%
" argentinosaurus
9%
" baryonyx
9%
" borealopelta
9%
" carcharodontosaurus
9%
" ceratops
9%
" ceratosaurus
9%
" compsognathus
9%
" concavenator
9%
" deinonychus
9%
" dilong
9%
" dilophosaurus
9%
" abrosaurus
0%
" abydosaurus
0%
" acheroraptor
0%
" achillesaurus
0%
" acrotholus
0%
" adasaurus
0%
" adelolophus
0%
" adeopapposaurus
0%
" adratiklit
0%
" aegyptosaurus
0%
" aeolosaurus
0%
" aepisaurus
0%
" aepyornithomimus
0%
" aerosteon
0%
" agnosphitys
0%
" agujaceratops
0%
" agustina
0%
" ajnabia
0%
" alamosaurus
0%
" alaskacephale
0%
" albalophosaurus
0%
" albertaceratops
0%
" albertadromeus
0%
" albertavenator
0%
" albertonykus
0%
" albertosaurus
0%
" albinykus
0%
" albisaurus
0%
" alcovasaurus
0%
" alectrosaurus
0%
" aletopelta
0%
" algoasaurus
0%
" alioramus
0%
" aliwalia
0%
" almas
0%
" alnashetri
0%
" alocodon
0%
" altirhinus
0%
" altispinax
0%
" alvarezsaurus
0%
" alwalkeria
0%
" alxasaurus
0%
" amanzia
0%
" amargatitanis
0%
" amazonsaurus
0%
" ammosaurus
0%
" ampelosaurus
0%
" amphicoelias
0%
" amtocephale
0%
" amtosaurus
0%
" amurosaurus
0%
" amygdalodon
0%
" anabisetia
0%
" analong
0%
" anasazisaurus
0%
" anchiceratops
0%
" anchiornis
0%
" anchisaurus
0%
" andesaurus
0%
" angaturama
0%
" angolatitan
0%
" angulomastacator
0%
" anhuilong
0%
" aniksosaurus
0%
" animantarx
0%
" ankistrodon
0%
" anodontosaurus
0%
" anomalipes
0%
" anoplosaurus
0%
" anserimimus
0%
" antarctopelta
0%
" antarctosaurus
0%
" antetonitrus
0%
" anthodon
0%
" antrodemus
0%
" anzu
0%
" aoniraptor
0%
" aorun
0%
" apatoraptor
0%
" apatosaurus
0%
" appalachiosaurus
0%
" aquilarhinus
0%
" aquilops
0%
" arackar
0%
" aragosaurus
0%
" aralosaurus
0%
" archaeoceratops
0%
" archaeodontosaurus
0%
" archaeopterix
0%
" archaeornis
0%
" archaeornithoides
0%
" archaeornithomimus
0%
" arcovenator
0%
" arctosaurus
0%
" arcusaurus
0%
" arenysaurus
0%
" argyrosaurus
0%
" aristosuchus
0%
" arizonasaurus
0%
" arkansaurus
0%
" arkharavia
0%
" arrhinoceratops
0%
" arrudatitan
0%
" arstanosaurus
0%
" asiaceratops
0%
" asiamericana
0%
" asiatosaurus
0%
" astrodon
0%
" astrophocaudia
0%
" asylosaurus
0%
" atacamatitan
0%
" atlantosaurus
0%
" atlasaurus
0%
" atlascopcosaurus
0%
" atrociraptor
0%
" atsinganosaurus
0%
" aublysodon
0%
" aucasaurus
0%
" augustynolophus
0%
" auroraceratops
0%
" aurornis
0%
" australodocus
0%
" australotitan
0%
" australovenator
0%
" austrocheirus
0%
" austroposeidon
0%
" austroraptor
0%
" austrosaurus
0%
" avaceratops
0%
" avalonianus
0%
" aviatyrannis
0%
" avimimus
0%
" avisaurus
0%
" azendohsaurus
0%
" baalsaurus
0%
" bactrosaurus
0%
" bagaceratops
0%
" bagaraatan
0%
" bageherpeton
0%
" bagualia
0%
" bagualosaurus
0%
" bahariasaurus
0%
" bainoceratops
0%
" bajadasaurus
0%
" balaur
0%
" balochisaurus
0%
" bambiraptor
0%
" banji
0%
" baotianmansaurus
0%
" barapasaurus
0%
" barilium
0%
" barosaurus
0%
" barrosasaurus
0%
" barsboldia
0%
" bashanosaurus
0%
" basutodon
0%
" batyrosaurus
0%
" baurutitan
0%
" becklespinax
0%
" beipiaosaurus
0%
" beishanlong
0%
" bellusaurus
0%
" belodon
0%
" berberosaurus
0%
" berthasaura
0%
" betasuchus
0%
" bicentenaria
0%
" bienosaurus
0%
" bihariosaurus
0%
" bissektipelta
0%
" bistahieversor
0%
" bisticeratops
0%
" blasisaurus
0%
" blikanasaurus
0%
" bolong
0%
" bonapartenykus
0%
" bonapartesaurus
0%
" bonatitan
0%
" bonitasaura
0%
" borealosaurus
0%
" boreonykus
0%
" borogovia
0%
" bothriospondylus
0%
" brachyceratops
0%
" brachylophosaurus
0%
" brachypodosaurus
0%
" brachytrachelopan
0%
" bradycneme
0%
" brasilotitan
0%
" bravasaurus
0%
" bravoceratops
0%
" breviceratops
0%
" brighstoneus
0%
" brohisaurus
0%
" brontomerus
0%
" brontosaurus
0%
" buitreraptor
0%
" buriolestes
0%
" byronosaurus
0%
" caenagnathasia
0%
" caenagnathus
0%
" caieiria
0%
" caihong
0%
" calamosaurus
0%
" caletodraco
0%
" callovosaurus
0%
" camarasaurus
0%
" camarillasaurus
0%
" camelotia
0%
" camposaurus
0%
" camptosaurus
0%
" campylodoniscus
0%
" canardia
0%
" cardiodon
0%
" caseosaurus
0%
" cathartesaura
0%
" cathetosaurus
0%
" caudipteryx
0%
" cedarosaurus
0%
" cedarpelta
0%
" cedrorestes
0%
" centrosaurus
0%
" cerasinops
0%
" ceratonykus
0%
" ceratosuchops
0%
" cetiosauriscus
0%
" cetiosaurus
0%
" changchunsaurus
0%
" changyuraptor
0%
" chaoyangsaurus
0%
" charonosaurus
0%
" chasmosaurus
0%
" chebsaurus
0%
" chenanisaurus
0%
" chialingosaurus
0%
" chiayusaurus
0%
" chilantaisaurus
0%
" chilesaurus
0%
" chindesaurus
0%
" chingkankousaurus
0%
" chinshakiangosaurus
0%
" chirostenotes
0%
" choconsaurus
0%
" chondrosteosaurus
0%
" choyrodon
0%
" chromogisaurus
0%
" chuandongocoelurus
0%
" chuanjiesaurus
0%
" chuanqilong
0%
" chubutisaurus
0%
" chucarosaurus
0%
" chungkingosaurus
0%
" chuxiongosaurus
0%
" cionodon
0%
" citipati
0%
" claosaurus
0%
" clasmodosaurus
0%
" coahuilaceratops
0%
" coelophisis
0%
" coeluroides
0%
" coelurosauravus
0%
" coelurus
0%
" colepiocephale
0%
" coloradisaurus
0%
" comahuesaurus
0%
" compsosuchus
0%
" conchoraptor
0%
" condorraptor
0%
" coronosaurus
0%
" corythoraptor
0%
" corythosaurus
0%
" craspedodon
0%
" craterosaurus
0%
" crichtonpelta
0%
" crichtonsaurus
0%
" cristatusaurus
0%
" crittendenceratops
0%
" crosbysaurus
0%
" cruxicheiros
0%
" cryolophosaurus
0%
" cryptosaurus
0%
" cumnoria
0%
" daanosaurus
0%
" dacentrurus
0%
" dachongosaurus
0%
" daemonosaurus
0%
" dahalokely
0%
" dakosaurus
0%
" dakotadon
0%
" dakotaraptor
0%
" daliansaurus
0%
" damalasaurus
0%
" dandakosaurus
0%
" danuibiosaurus
0%
" dashanpusaurus
0%
" daspletosaurus
0%
" datonglong
0%
" datousaurus
0%
" daurlong
0%
" daxiatitan
0%
" deinocheirus
0%
" deinodon
0%
" delapparentia
0%
" deltadromeus
0%
" demandasaurus
0%
" denversaurus
0%
" diabloceratops
0%
" diamantinasaurus
0%
" dicraeosaurus
0%
" dineobellator
0%
" dinheirosaurus
0%
" dinodocus
0%
" diploceraspis
0%
Aucun quiz correspondant
Distribution des résultats
% des personnes avec chaque résultat
Percentile par nombre de réponses
Votre historique - résultats
Vous n’avez pas pris ce quiz